| 000 | 00829nam a22002057a 4500 | ||
|---|---|---|---|
| 999 |
_c9390 _d9390 |
||
| 003 | AR-CdUCM | ||
| 008 | 190327b ||||| |||| 00| 0 spa d | ||
| 040 |
_aMUNICIPALIDAD PROVINCIAL DEL CUSCO _cBIBLIOTECA MUNICIPAL DEL CUSCO |
||
| 082 |
_a030 / _bEN56 |
||
| 110 |
_aEspasa - Calpe _918256 |
||
| 245 |
_aEnciclopedia Universal Ilustrada : _bEuropeo - Americana (suplemento anual 1953-1954) / |
||
| 260 |
_aMadrid : _bEspasa-Calpe, _c1957. |
||
| 300 |
_a1248 páginas ; _bilustraciones, mapas, _c25 cm. |
||
| 505 | _aContenido: Actividades científicas -- Agricultura y sus anexos -- Automovilismo -- Aviación -- Biografía y necrología -- Deportes ... | ||
| 650 |
_aEnciclopedia Universal _918257 |
||
| 700 |
_aGiro, Bail _925560 |
||
| 700 |
_aElías, Balta ... (colaboradores) _925561 |
||
| 942 |
_2ddc _cLIBROS |
||
| 945 | _aachl | ||